Duke Basketball Roster - Statistics

General Stats
  • This quiz has been taken 48 times
  • The average score is 8 of 13
Answer Stats
# Answer % Correct
2 Cayden Boozer
100%
12 Cameron Boozer
98%
1 Caleb Foster
88%
7 Dame Sarr
78%
3 Isaiah Evans
78%
21 Patrick Ngongba II
73%
8 Darren Harris
58%
6 Maliq Brown
58%
14 Nikolas Khamenia
53%
13 Cameron Sheffield
43%
20 Jack Scott
35%
5 Sebastian Wilkins
30%
15 Ifeanyi Ufochukwu
15%
No matching quizzes found
Score Distribution
Percent of People with Each Score
Percentile by Number Answered
Your Score History
You have not taken this quiz